<?xml version="1.0" encoding="UTF-8"?>
<marc:record xmlns:marc="http://www.loc.gov/MARC21/slim">
   <marc:leader>00000nam a2200000 a 4500</marc:leader>
   <marc:datafield ind1="1" ind2=" " tag="100">
      <marc:subfield code="a">Selasi, Taiye</marc:subfield>
      <marc:subfield code="4">aut</marc:subfield>
      <marc:subfield code="e">Verfasser/-in</marc:subfield>
   </marc:datafield>
   <marc:datafield ind1="0" ind2="0" tag="245">
      <marc:subfield code="a">Diese Dinge geschehen nicht einfach so</marc:subfield>
   </marc:datafield>
   <marc:datafield ind1=" " ind2="1" tag="264">
      <marc:subfield code="b">S. Fischer</marc:subfield>
      <marc:subfield code="c">2013</marc:subfield>
   </marc:datafield>
   <marc:datafield ind1="1" ind2=" " tag="520">
      <marc:subfield code="a">Die literarische Sensation aus Amerika - ein kosmopolitischer Familienroman: In Boston, London und Ghana sind sie zu Hause, Olu, Sadie und Taiwo. Sechs Menschen, eine Familie, über Weltstädte und Kontinente zerstreut. In Afrika haben sie ihre Wurzeln und überall auf der Welt ihr Leben. Bis plötzlich der Vater in Afrika stirbt. Nach vielen Jahren sehen sie sich wieder und machen eine überraschende Entdeckung. Und sie finden das verloren geglaubte Glück - den Zusammenhalt der Familie. Endlich verstehen sie, dass die Dinge nicht einfach ohne Grund geschehen. So wurde noch kein Familienroman erzählt. Taiye Selasi ist die neue internationale Stimme - jenseits von Afrika.</marc:subfield>
   </marc:datafield>
   <marc:datafield ind1=" " ind2=" " tag="020">
      <marc:subfield code="a">9783100725257</marc:subfield>
      <marc:subfield code="9">9783100725257</marc:subfield>
   </marc:datafield>
</marc:record>
